Statistics for Countries With The Most Russian Immigrants

Click here to take the quiz!

General Stats

  • This quiz has been taken 84 times
  • The average score is 12 of 15

Answer Stats

Number Of Russian ImmigrantsCountry% Correct
206,000United States
100%
1,200,000Kazakhstan
93%
1,900,000Ukraine
93%
606,000Germany
92%
45,000Canada
87%
377,000Belarus
86%
474,000Uzbekistan
83%
53,000Georgia
76%
68,000Kyrgyzstan
73%
90,000Estonia
70%
135,000Tajikistan
70%
88,000Latvia
69%
63,000Italy
65%
48,000Spain
65%
66,000Israel
52%

Score Distribution

Percentile by Number Answered

Percent of People with Each Score

Your Score History

You have not taken this quiz